La senda del puñal. (Registro nro. 1164)
[ vista simple ]
| 000 -CABECERA | |
|---|---|
| fixed length control field | 01140nam a22002657a 4500 |
| 003 - CONTROL NUMBER IDENTIFIER | |
| control field | AR-BeUNQ |
| 005 - FECHA Y HORA DE LA ULTIMA TRANSACCION | |
| control field | 20241218185058.0 |
| 008 - ELEMENTOS DE LONGITUD FIJA-INFORMACION GENERAL | |
| fixed length control field | 241218b |||||||| |||| 00| 0 spa d |
| 020 ## - NUMERO INTERNACIONAL NORMALIZADO PARA LIBROS | |
| Número Internacional Normalizado del libro | 9789877421354 |
| 040 ## - FUENTE DE CATALOGACION | |
| Agencia de catalogación original | AR-BeUNQ |
| Agencia que realiza la transcripción | AR-BeUNQ |
| Convenciones de la descripción | aacr |
| 082 ## - NUMERO DE CLASIFICACION DECIMAL DEWEYMBER | |
| Número de la edición | 21 |
| Número de clasificación | A863 GRU |
| 100 ## - ASIENTO PRINCIPAL-NOMBRE PERSONAL | |
| Nombre personal | Grubissich, Jorge |
| Títulos u otras palabras asociadas al nombre | aut. |
| Fecha asociada al nombre | 1962 |
| 245 ## - MENCION DE TITULO | |
| Título | La senda del puñal. |
| Mención de responsabilidad, etc | Jorge Grubissich |
| Medio físico | libro |
| 250 ## - MENCION DE EDICION | |
| Mención de edición | 1a.ed |
| Resto de la mención de edición | especial |
| 260 ## - PUBLICACION, DISTRIBUCION, ETC. | |
| Lugar de publicación, distribución, etc. | Ciudad Autónoma de Buenos Aires : |
| Nombre del editor, distribuidor, etc. | Salim Ediciones, |
| Fecha de publicación, distribución, etc | 2023 |
| 300 ## - DESCRIPCION FISICA | |
| Extensión | 144 p. ; |
| Dimensiones | 20x13 cm |
| 490 ## - MENCION DE SERIE | |
| Mención de serie | Identidades Bonaerenses |
| Número International Normalizado para Libros | 9789877421354 |
| 505 ## - NOTA DE CONTENIDO | |
| Nota de contenido con formato preestablecido | capitulos del 1 al 32. |
| 520 ## - NOTA DE RESUMEN, ETC | |
| Nota de resumen, etc. | El detective Anselmo Benegas llega a Tapalqué , en el sofocante verano de 1952. LO han convocado una comunidad desesperada tras el fracaso de la policía. Tres chicas de catorce años han sido víctimas de un asesino serial, capaz de actuar a pleno día y entre la multitud. |
| 650 ## - ASIENTO SECUNDARIO DE MATERIA - TERMINO TEMATICO | |
| Término temático o nombre geográfico como elemento de entrada | tell |
| Fuente del encabezamiento o términ | Narrativa |
| 651 ## - ASIENTO SECUNDARIO DE MATERIA - NOMBRE GEOGRAFICO | |
| Nombre geográfico | Argentina |
| Fuente del encabezamiento o término | unescot |
| 700 ## - ASIENTO SECUNDARIO - NOMBRE DE PERSONA | |
| Personal name | Ponce, Germán. |
| Fuller form of name | ilust. |
| 929 ## - DATOS DE ADQUISICION | |
| Procedencia | DONACION |
| Proveedor | Misniterio de Educación de la Provincia de Buenos Aires |
| Orden de compra | 0 |
| Precio | 0 |
| Fecha de recibido | 05/11/2024 |
| Patrimonio UNQ | PAT0082574 |
| Número de inventario | 62877 |
| 942 ## - ELEMENTOS DE PUNTO DE ACCESO ADICIONAL (KOHA) | |
| Tipo de ítem Koha | Libros |
| Estado de retiro | Estado de pérdida | Ubicación permanente | Ubicación actual | Ubicación en estantería | Fecha de ingreso | Total Checkouts | Signatura topográfica completa | Inventario | Date last seen | Tipo de ítem Koha | Operador |
|---|---|---|---|---|---|---|---|---|---|---|---|
| Biblioteca ESET - UNQ | Biblioteca ESET - UNQ | CIRCULACION | 05/11/2024 | A863 GRU | 62877 | 18/12/2024 | Libros | Gladys Alarcon |